000 00579nam a2200169Ia 4500
999 _c3831
_d3831
020 _a1-4039-1691-8
082 _a371.82954 ABB-;
100 _aAbbas, Tahir
245 0 _aEducation of British South Asians: ethnicity, capital and class structure
260 _aHampshire
_bPalgrave Macmillan
_c2004
300 _axii, 190p.
504 _aincludes appendix, bibliography and index
650 _aSouth Asians - Education - Case studies - Engalnd - Brimingham
650 _aCampus culture
650 _aEducational anthropology - England - Brimingham - Case studies
942 _cBK